Efektivnost reprodukčního procesu a její plánovité řízení

Salvato in:
Dettagli Bibliografici
Natura: Libro
Lingua:ceco
Pubblicazione: Praha Výzkumný ústav plánování a řízení národního hospodářství 1983
Serie:Výzkumná práce č. 143
Tags: Aggiungi Tag
Nessun Tag, puoi essere il primo ad aggiungerne!!

MARC

LEADER 00000nam a2200000 4500
001 c116440
005 20181203150338.5
041 0 |a cze 
044 |a CZ 
245 1 0 |a Efektivnost reprodukčního procesu a její plánovité řízení 
264 1 |a Praha  |b Výzkumný ústav plánování a řízení národního hospodářství  |c 1983 
300 |a 105 s. 
490 1 |a Výzkumná práce  |v č. 143 
830 0 |a Výzkumná práce  |v č. 143